Naturaleza jurídica de los actos emanados de los Colegios y/o Consejos Profesionales (Registro nro. 24018)

Detalles MARC
000 -LEADER
fixed length control field 00354 a2200109 4500
001 - CONTROL NUMBER
control field ART_31281
005 - DATE AND TIME OF LATEST TRANSACTION
control field 20260410161840.0
008 - FIXED-LENGTH DATA ELEMENTS--GENERAL INFORMATION
fixed length control field 260409a
100 1# - MAIN ENTRY--PERSONAL NAME
Personal name Echen, Diego E.
245 10 - TITLE STATEMENT
Title Naturaleza jurídica de los actos emanados de los Colegios y/o Consejos Profesionales
773 0# - HOST ITEM ENTRY
Title RAP
Related parts - Año 36, Nº 422 (nov. 2013)
Record control number REV5941

No hay ítems disponibles.